000 01056cam a22003257a 4500
003 CHAP
005 20220817041902.0
008 971013s1968 r 00010 d
010 _a27678
011 _a28650
035 _a32756
040 _cCHAP
082 _a581.13354
_bK5
100 0 0 _aKilmer, Victor James
_eed.
_963219
245 1 4 _aThe role of potassium in agriculture
260 _aMadison :
_bAmerican Society of Agronomy,
_c1968
300 _a509 p.
_b; gráfs.
590 _aBATCH-UPD
_b10
_c20130110
_lUCH01
_h1212
590 _aBATCH-UPD
_b10
_c20130410
_lUCH01
_h0750
590 _aBATCH-UPD
_b10
_c20130914
_lUCH01
_h0754
590 _aCONVERSION
_b10
_c20130109
_lUCH01
_h1316
650 1 4 _aFertilizantes potásicos.
_940644
650 1 4 _aPotasio
_xEfecto en plantas.
700 0 _aBrady, N. C.
_914977
700 0 _aYounts, S. E.
_9123252
901 _aBK
942 _cLIBRO
949 _a581.13354 K5
_bBC
_cLIBRO
_d33724000546495
_eLIBRO
_h50101
_i32756
_si
949 _a581.13354 K5
_bBC
_cLIBRO
_d33724000546503
_eLIBRO
_fc.2
_h50102
_i32756
_si
999 _c27678
_d27678